000 00705nam a2200241Ia 4500
003 OSt
005 20220923224951.0
006 a|||||r|||| 00| 0
007 ta
008 220922b |||||||| |||| 00| 0 hin d
024 _a254,388
037 _cTextual
040 _aARTS
_cARTS
_bhin
041 _2hin
_ahin
082 _aO152,3N377,YH, M4
100 _aश्रीकृष्ण
245 0 _aयुद्ध हल्दी घाटी का
246 _aYuddha haldī ghāṭī kā
260 _c1984
650 _aहिन्दी साहित्य
_9156264
942 _hO152,3N377,YH, M4
_cTEXL
_2CC
999 _c375050
_d375050